Statistics for Los Angeles Clippers All-Decade Teams

Click here to take the quiz!

General Stats

  • This quiz has been taken 7 times
  • The average score is 7 of 25

Answer Stats

DecadePositionYearsWSPlayer% Correct
2010sPG2012-201778.2Chris Paul
100%
2010sPF2011-201865.4Blake Griffin
100%
2010sC2010-201875.0DeAndre Jordan
86%
2000sPF2002-200868.3Elton Brand
57%
1970sC/PF1973-197750.9Bob McAdoo
57%
1990sPF/SF1990-199221.2Charles Smith
43%
1990sPG1993-199412.0Mark Jackson
43%
2010sSG2014-201721.2J.J. Redick
43%
1980sSG1984-198611.4Derek Smith
43%
1970sSG/SF1972-197947.6Randy Smith
43%
1970sPG197910.1World B. Free
29%
2010sSF2013-201514.0Matt Barnes
29%
2000sC2004-200915.2Chris Kaman
29%
2000sSF/SG2001-200845.8Corey Maggette
14%
1990sSG1990-199418.6Ron Harper
14%
1990sPF1991-199834.1Loy Vaught
14%
1970sPF/SF1971-197425.8Bob Kauffman
0%
1970sSF1974-197622.8Jim McMillian
0%
2000sPG2000-200212.3Jeff McInnis
0%
1980sC1980-198316.6Swen Nater
0%
1980sPF1985-198818.8Michael Cage
0%
1980sSF1981-198416.5Michael Brooks
0%
2000sSG/SF2000-200315.9Eric Piatkowski
0%
1990sC1997-19998.5Lorenzen Wright
0%
1980sPG1980-198214.9Brian Taylor
0%

Score Distribution

Percentile by Number Answered

Percent of People with Each Score

Your Score History

You have not taken this quiz